| 000 -LEADER |
| fixed length control field |
00964cam a2200241 i 4500 |
| 001 - CONTROL NUMBER |
| control field |
18413244 |
| 005 - DATE AND TIME OF LATEST TRANSACTION |
| control field |
20240209115808.0 |
| 008 - FIXED-LENGTH DATA ELEMENTS--GENERAL INFORMATION |
| fixed length control field |
141222s2015 flua b 001 0 eng |
| 020 ## - INTERNATIONAL STANDARD BOOK NUMBER |
| International Standard Book Number |
9781482251883x |
| 041 ## - LANGUAGE CODE |
| Language code of text/sound track or separate title |
eng |
| 080 ## - UNIVERSAL DECIMAL CLASSIFICATION NUMBER |
| Universal Decimal Classification number |
004.42+519.61 S-70 |
| 100 1# - MAIN ENTRY--PERSONAL NAME |
| Personal name |
Solomon, Justin. |
| 9 (RLIN) |
12978 |
| 245 10 - TITLE STATEMENT |
| Title |
Numerical algorithms : |
| Remainder of title |
methods for computer vision, machine learning, and graphics / |
| Statement of responsibility, etc. |
Justin Solomon. |
| 264 #1 - PRODUCTION, PUBLICATION, DISTRIBUTION, MANUFACTURE, AND COPYRIGHT NOTICE |
| Place of production, publication, distribution, manufacture |
Boca Raton : |
| Name of producer, publisher, distributor, manufacturer |
CRC Press, Taylor & Francis Group, |
| Date of production, publication, distribution, manufacture, or copyright notice |
2015. |
| 300 ## - PHYSICAL DESCRIPTION |
| Extent |
379 pages : |
| Other physical details |
illustrations ; |
| Dimensions |
26 cm. |
| 653 ## - INDEX TERM--UNCONTROLLED |
| keyword |
საინფორმაციო ტექნოლოგიები |
| 653 ## - INDEX TERM--UNCONTROLLED |
| keyword |
გამოთვლითი მათემატიკა |
| 653 ## - INDEX TERM--UNCONTROLLED |
| keyword |
რიცხვითი ანალიზი |
| 653 ## - INDEX TERM--UNCONTROLLED |
| keyword |
Информационные технологии |
| 653 ## - INDEX TERM--UNCONTROLLED |
| keyword |
Вычислительная математика |
| 653 ## - INDEX TERM--UNCONTROLLED |
| keyword |
Численный анализ |
| 942 ## - ADDED ENTRY ELEMENTS (KOHA) |
| Source of classification or shelving scheme |
|
| Koha item type |
წიგნი |